00530cam a22001574a 4500020001500000040000800015082002600023100001700049245008200066260004600148300006600194490004800260650002200308650002200330650002000352 a1578082447 cDLC00a631 SCI 2006 C145 Or.1 aHellin, Jon,10aBetter land husbandry :bfrom soil conservation to holistic land management / aEnfield, NH :bScience Publishers,cc2006 axiv, 315 p., 8 p. of plates :bill. (some col.), map ;c24 cm1 aLand reconstruction and management series ; 0aSoil conservation 0aSoil productivity 0aLand use, Rural